| 000 | 00672nam a22002057a 4500 | ||
|---|---|---|---|
| 999 |
_c195532 _d195532 |
||
| 005 | 20230401141734.0 | ||
| 010 | _aEN-87505 | ||
| 020 |
_a9788186772454 _c135.00 |
||
| 035 | _aEN-87505 | ||
| 037 | _bDBAD/Pub | ||
| 082 | _a372.1 | ||
| 100 | _aShiradhonkar,Kiran | ||
| 245 |
_aunderstanding and developing ; _bcreativity / _cby Kiran Shiradhonkar [and] Vishala Patham : |
||
| 260 |
_aNew Delhi _bNew Academic Publishers _c2011 |
||
| 270 |
_a4760-61, 23, Ansari Road,Daryaganj _bNew Delhi _e110002 |
||
| 300 |
_aiv,56p. _bill. (Black & White) _c23cm (pbk) |
||
| 500 | _aIncludes refrences | ||
| 700 | _aPatham,Vishala | ||
| 942 |
_2ddc _cEN _h372.1 _mSHI |
||